Dias de clase : filosofía, formación ética y ciudadana /

Guardado en:
Autor Principal: Schujman, Gustavo
Formato: Libro
Publicado: Buenos Aires : Aique, 2000
Series:Colección los libros del docente
Materias:
Etiquetas: Agregar Etiqueta
Sin Etiquetas, Sea el primero en etiquetar este registro!
LEADER 00577nam a22001815a 4500
001 CEM.cems010560
005 20080512102636.0
008 130507s2000##################000#0#####d
003 CEMS
020 |a 9507016473 
082 0 4 |a 320 
100 1 |a Schujman, Gustavo 
245 1 0 |a Dias de clase :  |b filosofía, formación ética y ciudadana /  |c Gustavo Schujman 
260 |a Buenos Aires :  |b Aique,  |c 2000 
300 |a 79 p. 
490 0 |a Colección los libros del docente 
653 |a Formación ética y ciudadana-polimodal 
859 |a CEMS  |b BIB. CEMS - 11 de abril  |h 320  |i Sch79-1  |p 21090.01  |t Ej.1